Conferencias religioso-científicas

Gespeichert in:
Bibliographische Detailangaben
1. Verfasser: Vicuña, Alejandro (VerfasserIn)
Format: Buch
Sprache:Spanisch
Veröffentlicht: Santiago Imprenta Chile 1919
Schlagworte:
Tags: Tag hinzufügen
Keine Tags, Fügen Sie den ersten Tag hinzu!

MARC

LEADER 00000nam a2200000 a 4500
001 UCI6073
003 CL-VaPUC
008 080418e19190000CL |||||||||||||||||spa|d
082 0 4 |a 261.8  |b VIC  |2 21 
100 0 |a Vicuña, Alejandro  |e author  |9 509079 
245 1 0 |a Conferencias religioso-científicas 
300 |a 415 p 
942 |c BK 
945 |d 20080418 00:00:00  |a rbrito 
260 |a Santiago  |b Imprenta Chile  |c 1919 
500 |a Donación Padres Capuchinos 
650 0 |a Religión   |9 255164 
650 7 |a CONFERENCIAS  |2 CL-VaPUC  |9 528790 
583 |a last modification  |c 20080418 00:00:00  |k Rodrigo Vera 
999 |c 329676  |d 329674 
952 |0 0  |1 0  |4 0  |6 261_800000000000000_VIC_1919  |7 0  |8 X  |9 414662  |a FDOBUD  |b FDOBUD  |d 2019-11-22  |i 4407431  |o 261.8 VIC 1919  |p 4407431  |r 2019-11-22  |w 2019-11-22  |y BK_X  |k BUD